Najpopularniejszy Piosenkarz Polski i Zagraniczny - Statystyki

Ogólne statystyki
  • Ten quiz został rozwiązany 40 razy
  • Średni wynik to 2 z 9
Statystyki odpowiedzi
Odpowiedź % Poprawnych
Dawid Podsiadło
44%
Justin Bieber
38%
Mata
24%
Eminem
21%
Krzysztof Krawczyk
12%
Kizo
6%
Zenek Martyniuk
6%
Łukasz Zagrobelny
0%
Popek
0%
Nie znaleziono quizów pasujących do podanych kryteriów
Rozkład punktacji
Procent ludzi z każdym wynikiem
Percentyl według liczby udzielonych odpowiedzi
Twoja historia wyników
Nie rozwiązałeś tego quizu